[Event "DSJ Weihnachtsturnier U16: Lasker 2020"]
[Site ""]
[Date "2020.12.28"]
[Round "6"]
[White "Glowiak, Maximilian"]
[Black "Monakhov, Boris"]
[Result "1-0"]
[Termination "normal"]
[Board "9.3"]
[WhiteElo "1420"]
[BlackElo "1634"]
[WhiteTeam "Schachfr. Bischofswerda"]
[BlackTeam "Lübecker SV von 1873 2"]
[PlyCount "81"]
[WhiteFideId "16259521"]
[BlackFideId "16297415"]
[EventRounds "7"]
[EventType "team-swiss"]
[EventDate "2020.12.28"]

1. d4 {[%emt 0:00:08]} Nf6 {[%emt 0:00:04]} 2. c4 {[%emt 0:00:02]} e6 {[%emt
0:00:01]} 3. Nc3 {[%emt 0:00:02]} d5 {[%emt 0:00:01]} 4. cxd5 {[%emt 0:00:02]}
exd5 {[%emt 0:00:02]} 5. Bg5 {[%emt 0:00:02]} Be7 {[%emt 0:00:01]} 6. e3 {
[%emt 0:00:04]} O-O {[%emt 0:00:02]} 7. Bd3 {[%emt 0:00:05]} h6 {[%emt 0:00:02]
} 8. Bh4 {[%emt 0:00:02]} Nc6 {[%emt 0:00:05]} 9. a3 {[%emt 0:00:24]} Re8 {
[%emt 0:00:24]} 10. Qc2 {[%emt 0:00:07]} Bg4 {[%emt 0:00:25]} 11. h3 {[%emt
0:00:06]} Be6 {[%emt 0:00:25]} 12. Nge2 {[%emt 0:00:16]} a5 {[%emt 0:00:08]}
13. O-O {[%emt 0:00:07]} Bd6 {[%emt 0:00:08]} 14. Nb5 {[%emt 0:00:34]} g5
{[%emt 0:00:17]} 15. Bg3 {[%emt 0:00:17]} Bxg3 {[%emt 0:00:06]} 16. Nxg3 {[%emt
0:00:03] } Qe7 {[%emt 0:00:22]} 17. Bf5 {[%emt 0:00:37]} Rac8 {[%emt 0:00:58]}
18. Bxe6 {[%emt 0:01:14]} Qxe6 {[%emt 0:00:07]} 19. Nc3 {[%emt 0:00:23]} Ne7
{[%emt 0:00:24]} 20. Rac1 {[%emt 0:00:21]} c6 {[%emt 0:00:06]} 21. Na4 {[%emt
0:00:18]} Ng6 {[%emt 0:00:19]} 22. Nc5 {[%emt 0:00:31]} Qe7 {[%emt 0:00:16]}
23. Nf5 { [%emt 0:00:15]} Qf8 {[%emt 0:00:16]} 24. Nxb7 {[%emt 0:00:15]} Nh4
{[%emt 0:00:17]} 25. Nfd6 {[%emt 0:00:23]} Ne4 {[%emt 0:00:15]} 26. Nxc8 {[%emt
0:00:16]} Rxc8 {[%emt 0:00:07]} 27. Nxa5 {[%emt 0:00:06]} f5 {[%emt 0:00:10]}
28. Nxc6 { [%emt 0:00:25]} f4 {[%emt 0:00:08]} 29. Ne7+ {[%emt 0:00:15]} Qxe7
{[%emt 0:00:06]} 30. Qxc8+ {[%emt 0:00:02]} Kf7 {[%emt 0:00:01]} 31. Rc7 {[%emt
0:00:03]} Nd6 {[%emt 0:00:08]} 32. Rxe7+ {[%emt 0:00:05]} Kxe7 {[%emt 0:00:00]}
33. Qc7+ {[%emt 0:00:04]} Ke6 {[%emt 0:00:02]} 34. Rc1 {[%emt 0:00:06]} Nc4
{[%emt 0:00:08]} 35. Qc6+ {[%emt 0:00:06]} Kf5 {[%emt 0:00:03]} 36. Qxd5+
{[%emt 0:00:02]} Kg6 {[%emt 0:00:06]} 37. Rxc4 {[%emt 0:00:03]} Kh5 {[%emt
0:00:02]} 38. g4+ { [%emt 0:00:05]} Kg6 {[%emt 0:00:02]} 39. Rc6+ {[%emt
0:00:03]} Kh7 {[%emt 0:00:03]} 40. Qd7+ {[%emt 0:00:02]} Kg8 {[%emt 0:00:38]}
41. Rc8# {[%emt 0:00:05]} 1-0

[Event "DSJ Weihnachtsturnier U16: Lasker 2020"]
[Site ""]
[Date "2020.12.28"]
[Round "6"]
[White "Rosin, Thore"]
[Black "Golubev, Egor"]
[Result "0-1"]
[Termination "normal"]
[Board "9.4"]
[WhiteElo "1517"]
[BlackElo "1589"]
[WhiteTeam "Lübecker SV von 1873 2"]
[BlackTeam "Schachfr. Bischofswerda"]
[PlyCount "46"]
[WhiteFideId "16215311"]
[BlackFideId "24287474"]
[EventRounds "7"]
[EventType "team-swiss"]
[EventDate "2020.12.28"]

1. e4 {[%emt 0:00:04]} c5 {[%emt 0:00:02]} 2. Bc4 {[%emt 0:00:13]} e6 {[%emt
0:00:02]} 3. c3 {[%emt 0:00:03]} a6 {[%emt 0:00:03]} 4. d3 {[%emt 0:00:03]} b5
{ [%emt 0:00:03]} 5. Bb3 {[%emt 0:00:02]} Qc7 {[%emt 0:00:03]} 6. Nd2 {[%emt
0:00:04]} Nc6 {[%emt 0:00:02]} 7. Ngf3 {[%emt 0:00:12]} Nge7 {[%emt 0:00:03]}
8. Nf1 {[%emt 0:00:03]} g6 {[%emt 0:00:02]} 9. Ng3 {[%emt 0:00:01]} Bg7 {[%emt
0:00:01]} 10. O-O {[%emt 0:00:02]} O-O {[%emt 0:00:01]} 11. Re1 {[%emt
0:00:03]} Bb7 {[%emt 0:00:02]} 12. Bc2 {[%emt 0:00:03]} d5 {[%emt 0:00:04]} 13.
h3 { [%emt 0:00:10]} Rad8 {[%emt 0:00:09]} 14. a3 {[%emt 0:00:11]} d4 {[%emt
0:00:16]} 15. Bg5 {[%emt 0:00:23]} dxc3 {[%emt 0:00:14]} 16. bxc3 {[%emt
0:00:02]} Bxc3 {[%emt 0:00:02]} 17. Bxe7 {[%emt 0:00:25]} Nxe7 {[%emt 0:00:04]}
18. Rb1 { [%emt 0:01:04]} Bxe1 {[%emt 0:00:06]} 19. Qxe1 {[%emt 0:00:00]} Nc6
{[%emt 0:00:05]} 20. e5 {[%emt 0:00:02]} Nd4 {[%emt 0:00:10]} 21. Nxd4 {[%emt
0:00:05]} Rxd4 {[%emt 0:00:12]} 22. Ne2 {[%emt 0:00:04]} Qc6 {[%emt 0:00:08]}
23. Nxd4 { [%emt 0:00:05]} Qxg2# {[%emt 0:00:01]} 0-1

[Event "DSJ Weihnachtsturnier U16: Lasker 2020"]
[Site ""]
[Date "2020.12.28"]
[Round "6"]
[White "Sickmann, Lisa"]
[Black "Pougin, Elias"]
[Result "1-0"]
[Termination "normal"]
[Board "10.1"]
[WhiteElo "1510"]
[BlackElo "1838"]
[WhiteTeam "Lübecker SV von 1873"]
[BlackTeam "Schachfreunde Gern"]
[PlyCount "138"]
[WhiteFideId "16267818"]
[BlackFideId "16263251"]
[EventRounds "7"]
[EventType "team-swiss"]
[EventDate "2020.12.28"]

1. e4 {[%emt 0:02:08]} c5 {[%emt 0:00:05]} 2. Nf3 {[%emt 0:00:02]} d6 {[%emt
0:00:03]} 3. d4 {[%emt 0:00:02]} cxd4 {[%emt 0:00:10]} 4. Nxd4 {[%emt 0:00:02]}
Nf6 {[%emt 0:00:07]} 5. Nc3 {[%emt 0:00:02]} a6 {[%emt 0:00:02]} 6. f3 { [%emt
0:00:04]} e5 {[%emt 0:00:02]} 7. Nb3 {[%emt 0:00:02]} Be6 {[%emt 0:00:20] } 8.
Be3 {[%emt 0:00:03]} Be7 {[%emt 0:00:02]} 9. Qd2 {[%emt 0:00:05]} Nbd7 { [%emt
0:00:02]} 10. g4 {[%emt 0:00:03]} O-O {[%emt 0:00:07]} 11. O-O-O { [%emt
0:00:04]} b5 {[%emt 0:00:24]} 12. h4 {[%emt 0:00:11]} Nb6 {[%emt 0:00:27] } 13.
h5 {[%emt 0:00:20]} b4 {[%emt 0:01:02]} 14. Nb1 {[%emt 0:00:21]} d5 { [%emt
0:00:06]} 15. g5 {[%emt 0:00:06]} d4 {[%emt 0:00:56]} 16. gxf6 {[%emt 0:00:07]}
dxe3 {[%emt 0:00:02]} 17. Qxe3 {[%emt 0:00:03]} Qc7 {[%emt 0:01:10]} 18. fxe7
{[%emt 0:00:09]} Rfc8 {[%emt 0:00:01]} 19. Rd8+ {[%emt 0:00:18]} Rxd8 {[%emt
0:00:05]} 20. exd8=Q+ {[%emt 0:00:03]} Qxd8 {[%emt 0:00:00]} 21. Bd3 { [%emt
0:00:09]} Rc8 {[%emt 0:00:18]} 22. Rg1 {[%emt 0:00:12]} Qc7 {[%emt 0:01:24]}
23. Qh6 {[%emt 0:00:13]} g6 {[%emt 0:00:13]} 24. hxg6 {[%emt 0:00:06]} fxg6
{[%emt 0:00:13]} 25. Qd2 {[%emt 0:00:10]} a5 {[%emt 0:00:22]} 26. Nxa5 { [%emt
0:00:40]} Bxa2 {[%emt 0:00:02]} 27. Qxb4 {[%emt 0:00:04]} Nd7 {[%emt 0:01:22]}
28. Qa3 {[%emt 0:00:15]} Bf7 {[%emt 0:00:18]} 29. Nb3 {[%emt 0:00:25]} Qb6
{[%emt 0:00:26]} 30. Rh1 {[%emt 0:00:45]} Bxb3 {[%emt 0:00:08]} 31. Nd2 { [%emt
0:00:41]} Bf7 {[%emt 0:00:19]} 32. Qe7 {[%emt 0:00:16]} Nc5 {[%emt 0:00:39]}
33. Bc4 {[%emt 0:00:27]} Bxc4 {[%emt 0:00:06]} 34. Qxh7+ {[%emt 0:00:05]} Kf8
{[%emt 0:00:01]} 35. Qh8+ {[%emt 0:00:13]} Bg8 {[%emt 0:00:02]} 36. Kb1 { [%emt
0:00:20]} Rb8 {[%emt 0:00:02]} 37. b3 {[%emt 0:00:06]} Na4 {[%emt 0:00:02]} 38.
Rh7 {[%emt 0:00:11]} Nc3+ {[%emt 0:00:01]} 39. Kb2 {[%emt 0:00:03]} Nd1+ {[%emt
0:00:01]} 40. Kc1 {[%emt 0:00:04]} Rb7 {[%emt 0:00:04]} 41. Rxb7 { [%emt
0:00:05]} Qxb7 {[%emt 0:00:01]} 42. Qf6+ {[%emt 0:00:08]} Ke8 {[%emt 0:00:06]}
43. Qxe5+ {[%emt 0:00:05]} Qe7 {[%emt 0:00:01]} 44. Qxe7+ {[%emt 0:00:02]} Kxe7
{[%emt 0:00:00]} 45. Kxd1 {[%emt 0:00:02]} Be6 {[%emt 0:00:01]} 46. Ke2 {[%emt
0:00:01]} g5 {[%emt 0:00:06]} 47. Kf2 {[%emt 0:00:02]} Kf6 {[%emt 0:00:01]} 48.
Ke3 {[%emt 0:00:02]} Ke5 {[%emt 0:00:00]} 49. Nc4+ {[%emt 0:00:02]} Kf6 {[%emt
0:00:03]} 50. Kf2 {[%emt 0:00:10]} g4 {[%emt 0:00:01]} 51. fxg4 { [%emt
0:00:02]} Bxg4 {[%emt 0:00:00]} 52. Ke3 {[%emt 0:00:02]} Ke6 {[%emt 0:00:01]}
53. Kd4 {[%emt 0:00:01]} Bd1 {[%emt 0:00:01]} 54. Ne3 {[%emt 0:00:02]} Be2
{[%emt 0:00:01]} 55. c4 {[%emt 0:00:02]} Kd6 {[%emt 0:00:01]} 56. b4 {[%emt
0:00:02]} Ke6 {[%emt 0:00:02]} 57. c5 {[%emt 0:00:01]} Bb5 {[%emt 0:00:01]} 58.
Nd5 {[%emt 0:00:02]} Ba4 {[%emt 0:00:02]} 59. Nc3 {[%emt 0:00:06]} Bc6 { [%emt
0:00:01]} 60. b5 {[%emt 0:00:01]} Ba8 {[%emt 0:00:02]} 61. Nd5 {[%emt 0:00:03]}
Bb7 {[%emt 0:00:03]} 62. c6 {[%emt 0:00:02]} Ba8 {[%emt 0:00:03]} 63. Nc7+
{[%emt 0:00:02]} Kd6 {[%emt 0:00:04]} 64. Nxa8 {[%emt 0:00:01]} Ke7 { [%emt
0:00:01]} 65. c7 {[%emt 0:00:02]} Kd7 {[%emt 0:00:01]} 66. b6 {[%emt 0:00:03]}
Kc8 {[%emt 0:00:01]} 67. e5 {[%emt 0:00:02]} Kb7 {[%emt 0:00:01]} 68. e6 {[%emt
0:00:01]} Kc6 {[%emt 0:00:07]} 69. c8=Q+ {[%emt 0:00:04]} Kd6 { [%emt 0:00:03]}
1-0

[Event "DSJ Weihnachtsturnier U16: Lasker 2020"]
[Site ""]
[Date "2020.12.28"]
[Round "6"]
[White "Ajdari, Ardian"]
[Black "Gossing, Marie-Sophie"]
[Result "1/2-1/2"]
[Termination "normal"]
[Board "10.2"]
[WhiteElo "1560"]
[BlackElo "1269"]
[WhiteTeam "Schachfreunde Gern"]
[BlackTeam "Lübecker SV von 1873"]
[PlyCount "52"]
[WhiteFideId "34603662"]
[BlackFideId "16217284"]
[EventRounds "7"]
[EventType "team-swiss"]
[EventDate "2020.12.28"]

1. e4 {[%emt 0:00:39]} d5 {[%emt 0:00:04]} 2. exd5 {[%emt 0:00:04]} Nf6 { [%emt
0:00:04]} 3. Nc3 {[%emt 0:00:02]} Bf5 {[%emt 0:00:09]} 4. Bc4 {[%emt 0:00:06]}
Nbd7 {[%emt 0:00:07]} 5. Nf3 {[%emt 0:00:10]} Nb6 {[%emt 0:00:04]} 6. Bb5+
{[%emt 0:00:02]} Bd7 {[%emt 0:00:06]} 7. Bxd7+ {[%emt 0:00:54]} Qxd7 { [%emt
0:00:04]} 8. O-O {[%emt 0:00:10]} O-O-O {[%emt 0:00:06]} 9. Ne5 {[%emt
0:00:06]} Qe8 {[%emt 0:00:11]} 10. a4 {[%emt 0:00:24]} Nbxd5 {[%emt 0:00:12]}
11. Qf3 {[%emt 0:00:38]} e6 {[%emt 0:00:22]} 12. a5 {[%emt 0:00:20]} a6 {[%emt
0:00:07]} 13. b4 {[%emt 0:00:36]} Bxb4 {[%emt 0:00:30]} 14. Rb1 {[%emt
0:00:07]} Bxa5 {[%emt 0:00:07]} 15. Nxd5 {[%emt 0:00:23]} Nxd5 {[%emt 0:00:40]}
16. c4 { [%emt 0:00:03]} f6 {[%emt 0:00:19]} 17. cxd5 {[%emt 0:00:31]} fxe5
{[%emt 0:00:12]} 18. dxe6 {[%emt 0:00:02]} Bb6 {[%emt 0:00:13]} 19. Rxb6 {[%emt
0:00:14]} cxb6 {[%emt 0:00:09]} 20. Ba3 {[%emt 0:00:01]} Kb8 {[%emt 0:00:10]}
21. Rb1 { [%emt 0:00:06]} Ka7 {[%emt 0:00:05]} 22. Bc5 {[%emt 0:00:05]} Rc8
{[%emt 0:01:23]} 23. Bxb6+ {[%emt 0:00:06]} Ka8 {[%emt 0:00:37]} 24. Bd8 {[%emt
0:00:24]} Qc6 {[%emt 0:00:36]} 25. Qxc6 {[%emt 0:00:32]} Rxc6 {[%emt 0:00:11]}
26. e7 { [%emt 0:00:02]} Rc2 {[%emt 0:00:11] Luebeck3-002 offers a draw}
1/2-1/2

[Event "DSJ Weihnachtsturnier U16: Lasker 2020"]
[Site ""]
[Date "2020.12.28"]
[Round "6"]
[White "Fischer, Darja"]
[Black "Hoffmann, Kay"]
[Result "1-0"]
[Termination "normal"]
[Board "11.1"]
[WhiteElo "1559"]
[BlackElo "1583"]
[WhiteTeam "Karlsruher SF 1853 2"]
[BlackTeam "Barnimer Schachfreunde im SV Stahl Finow"]
[PlyCount "63"]
[WhiteFideId "16240898"]
[BlackFideId "16227000"]
[EventRounds "7"]
[EventType "team-swiss"]
[EventDate "2020.12.28"]

1. d4 {[%emt 0:00:05]} Nf6 {[%emt 0:00:03]} 2. c4 {[%emt 0:00:01]} g6 {[%emt
0:00:01]} 3. Nc3 {[%emt 0:00:01]} Bg7 {[%emt 0:00:02]} 4. e4 {[%emt 0:00:01]}
d6 {[%emt 0:00:01]} 5. Bg5 {[%emt 0:00:02]} O-O {[%emt 0:00:02]} 6. f4 {[%emt
0:00:01]} Nbd7 {[%emt 0:00:01]} 7. Nf3 {[%emt 0:00:01]} Re8 {[%emt 0:00:03]} 8.
Bd3 {[%emt 0:00:08]} e5 {[%emt 0:00:03]} 9. fxe5 {[%emt 0:00:02]} dxe5 { [%emt
0:00:01]} 10. d5 {[%emt 0:00:01]} Nc5 {[%emt 0:00:03]} 11. Qd2 {[%emt 0:00:17]}
h6 {[%emt 0:00:33]} 12. Bh4 {[%emt 0:00:13]} g5 {[%emt 0:00:05]} 13. Bf2 {[%emt
0:00:04]} Nh5 {[%emt 0:00:39]} 14. Bxc5 {[%emt 0:00:08]} g4 { [%emt 0:00:14]}
15. Ng1 {[%emt 0:00:17]} c6 {[%emt 0:00:13]} 16. Nge2 {[%emt 0:00:24]} b6
{[%emt 0:00:11]} 17. Be3 {[%emt 0:00:11]} cxd5 {[%emt 0:00:10]} 18. Nxd5 {[%emt
0:00:02]} Bb7 {[%emt 0:00:16]} 19. Bxh6 {[%emt 0:00:03]} Qh4+ { [%emt 0:00:10]}
20. g3 {[%emt 0:01:01]} Nxg3 {[%emt 0:00:06]} 21. Bg5 {[%emt 0:00:09]} Nxe4+
{[%emt 0:00:14]} 22. Bxh4 {[%emt 0:00:04]} Nxd2 {[%emt 0:00:02]} 23. Kxd2
{[%emt 0:00:00]} e4 {[%emt 0:00:06]} 24. Bc2 {[%emt 0:00:17]} Bxb2 { [%emt
0:00:10]} 25. Rab1 {[%emt 0:00:15]} e3+ {[%emt 0:00:04]} 26. Ke1 { [%emt
0:00:10]} Ba3 {[%emt 0:00:04]} 27. Rf1 {[%emt 0:00:12]} Bxd5 {[%emt 0:00:21]}
28. cxd5 {[%emt 0:00:05]} Rac8 {[%emt 0:00:04]} 29. Ba4 {[%emt 0:00:10]} Re4
{[%emt 0:00:09]} 30. Bd7 {[%emt 0:00:21]} Rc2 {[%emt 0:00:21]} 31. Bf5 { [%emt
0:00:15]} Bb4+ {[%emt 0:00:47]} 32. Rxb4 {[%emt 0:00:14]} 1-0

[Event "DSJ Weihnachtsturnier U16: Lasker 2020"]
[Site ""]
[Date "2020.12.28"]
[Round "6"]
[White "Beyer, Clemens"]
[Black "Schulz, Hannah"]
[Result "0-1"]
[Termination "normal"]
[Board "11.2"]
[WhiteElo "1658"]
[BlackElo "1539"]
[WhiteTeam "Barnimer Schachfreunde im SV Stahl Finow"]
[BlackTeam "Karlsruher SF 1853 2"]
[PlyCount "48"]
[WhiteFideId "16245407"]
[BlackFideId "16244745"]
[EventRounds "7"]
[EventType "team-swiss"]
[EventDate "2020.12.28"]

1. d4 {[%emt 0:00:04]} d5 {[%emt 0:00:16]} 2. Bf4 {[%emt 0:00:02]} Nf6 { [%emt
0:00:05]} 3. Nf3 {[%emt 0:00:02]} e6 {[%emt 0:00:03]} 4. e3 {[%emt 0:00:02]}
Bd6 {[%emt 0:00:30]} 5. Bg3 {[%emt 0:00:04]} O-O {[%emt 0:00:03]} 6. c4 { [%emt
0:00:03]} Bb4+ {[%emt 0:00:14]} 7. Nc3 {[%emt 0:00:02]} b6 {[%emt 0:00:51]} 8.
Bd3 {[%emt 0:00:04]} Bb7 {[%emt 0:00:02]} 9. O-O {[%emt 0:00:03]} dxc4 {[%emt
0:00:03]} 10. Bxc4 {[%emt 0:00:05]} Nd5 {[%emt 0:00:07]} 11. Qb3 { [%emt
0:00:14]} Nxc3 {[%emt 0:00:27]} 12. bxc3 {[%emt 0:00:06]} Bd6 {[%emt 0:00:04]}
13. Ne5 {[%emt 0:00:03]} Bxe5 {[%emt 0:00:17]} 14. Bxe5 {[%emt 0:00:16] } Nc6
{[%emt 0:00:07]} 15. f3 {[%emt 0:00:00]} Nxe5 {[%emt 0:00:13]} 16. dxe5 { [%emt
0:00:07]} Qg5 {[%emt 0:00:29]} 17. e4 {[%emt 0:01:40]} Qxe5 {[%emt 0:00:08]}
18. Rad1 {[%emt 0:00:04]} Rad8 {[%emt 0:00:14]} 19. Qc2 {[%emt 0:00:16]} Qc5+
{[%emt 0:00:07]} 20. Rd4 {[%emt 0:00:06]} e5 {[%emt 0:00:07]} 21. Bd5 { [%emt
0:00:58]} exd4 {[%emt 0:00:15]} 22. Bxb7 {[%emt 0:00:05]} d3+ {[%emt 0:00:10]}
23. Qf2 {[%emt 0:00:09]} Qxf2+ {[%emt 0:00:03]} 24. Rxf2 {[%emt 0:00:00]} d2
{[%emt 0:00:02]} 0-1

[Event "DSJ Weihnachtsturnier U16: Lasker 2020"]
[Site ""]
[Date "2020.12.28"]
[Round "6"]
[White "Studzinski, Bruno"]
[Black "Kossert, Simon"]
[Result "1-0"]
[Termination "normal"]
[Board "11.4"]
[WhiteElo "1437"]
[BlackElo "1299"]
[WhiteTeam "Barnimer Schachfreunde im SV Stahl Finow"]
[BlackTeam "Karlsruher SF 1853 2"]
[PlyCount "53"]
[WhiteFideId "16296478"]
[BlackFideId "16283287"]
[EventRounds "7"]
[EventType "team-swiss"]
[EventDate "2020.12.28"]

1. d4 {[%emt 0:00:04]} Nf6 {[%emt 0:00:04]} 2. Nc3 {[%emt 0:00:06]} e6 { [%emt
0:00:03]} 3. Bd2 {[%emt 0:00:18]} c5 {[%emt 0:00:16]} 4. e3 {[%emt 0:00:43]} d5
{[%emt 0:00:04]} 5. Nf3 {[%emt 0:00:06]} Nc6 {[%emt 0:00:08]} 6. Be2 { [%emt
0:00:12]} Bd6 {[%emt 0:00:13]} 7. O-O {[%emt 0:00:08]} O-O {[%emt 0:00:27]} 8.
dxc5 {[%emt 0:00:37]} Bxc5 {[%emt 0:00:03]} 9. Na4 {[%emt 0:00:42]} Bd6 {[%emt
0:00:45]} 10. b3 {[%emt 0:01:23]} Ne4 {[%emt 0:00:59]} 11. Nc3 {[%emt 0:00:23]}
Nxd2 {[%emt 0:00:07]} 12. Nxd2 {[%emt 0:00:11]} Be5 {[%emt 0:00:43]} 13. Ndb1
{[%emt 0:01:14]} d4 {[%emt 0:01:14]} 14. exd4 {[%emt 0:00:34]} Nxd4 { [%emt
0:00:30]} 15. Bc4 {[%emt 0:00:26]} b5 {[%emt 0:01:18]} 16. f4 {[%emt 0:01:14]}
bxc4 {[%emt 0:01:31]} 17. fxe5 {[%emt 0:00:08]} cxb3 {[%emt 0:00:33]} 18. axb3
{[%emt 0:00:13]} Nf5 {[%emt 0:00:50]} 19. Na3 {[%emt 0:00:28]} Ne3 { [%emt
0:00:03]} 20. Qxd8 {[%emt 0:00:10]} Rxd8 {[%emt 0:00:00]} 21. Rf2 { [%emt
0:00:04]} Ng4 {[%emt 0:00:02]} 22. Re2 {[%emt 0:00:08]} Ba6 {[%emt 0:00:03]}
23. Nab5 {[%emt 0:00:06]} Bxb5 {[%emt 0:00:05]} 24. Nxb5 {[%emt 0:00:03]} Rd5
{[%emt 0:00:16]} 25. Nc7 {[%emt 0:00:03]} Rxe5 {[%emt 0:00:07]} 26. Rxe5 {
[%emt 0:00:04]} Nxe5 {[%emt 0:00:02]} 27. Nxa8 {[%emt 0:00:01]} 1-0

[Event "DSJ Weihnachtsturnier U16: Lasker 2020"]
[Site ""]
[Date "2020.12.28"]
[Round "6"]
[White "Doll, Rebecca"]
[Black "Kolkmann, Tom"]
[Result "1-0"]
[Termination "normal"]
[Board "12.1"]
[WhiteElo "1762"]
[BlackElo "1560"]
[WhiteTeam "OSG Baden-Baden 2"]
[BlackTeam "Rhedaer Schachverein von 1931"]
[PlyCount "43"]
[WhiteFideId "16236890"]
[BlackFideId "34607013"]
[EventRounds "7"]
[EventType "team-swiss"]
[EventDate "2020.12.28"]

1. e4 {[%emt 0:00:05]} e5 {[%emt 0:00:02]} 2. Nf3 {[%emt 0:00:02]} Nc6 { [%emt
0:00:02]} 3. Bc4 {[%emt 0:00:03]} Bc5 {[%emt 0:00:02]} 4. O-O {[%emt 0:00:03]}
Nf6 {[%emt 0:00:04]} 5. d3 {[%emt 0:00:02]} d6 {[%emt 0:00:02]} 6. c3 { [%emt
0:00:02]} Be6 {[%emt 0:00:23]} 7. Bb5 {[%emt 0:00:16]} Qd7 {[%emt 0:00:06]} 8.
d4 {[%emt 0:00:11]} exd4 {[%emt 0:00:10]} 9. cxd4 {[%emt 0:00:02]} Nxe4 {[%emt
0:00:49]} 10. dxc5 {[%emt 0:00:27]} Nxc5 {[%emt 0:00:07]} 11. Re1 { [%emt
0:00:21]} O-O-O {[%emt 0:00:13]} 12. Nd4 {[%emt 0:00:51]} Rde8 {[%emt 0:01:24]}
13. b4 {[%emt 0:01:03]} Bg4 {[%emt 0:02:26]} 14. Rxe8+ {[%emt 0:00:12]} Rxe8
{[%emt 0:00:17]} 15. f3 {[%emt 0:00:02]} Bxf3 {[%emt 0:00:21]} 16. Nxf3 { [%emt
0:00:10]} Ne6 {[%emt 0:00:16]} 17. Nc3 {[%emt 0:00:11]} Nf4 {[%emt 0:00:19]}
18. Bxf4 {[%emt 0:00:06]} Qf5 {[%emt 0:00:07]} 19. Bg3 {[%emt 0:00:10]} g5
{[%emt 0:00:05]} 20. Bxc6 {[%emt 0:00:07]} bxc6 {[%emt 0:00:03]} 21. Nd4 {
[%emt 0:00:04]} Qd5 {[%emt 0:00:11]} 22. Nxd5 {[%emt 0:00:04]} 1-0

[Event "DSJ Weihnachtsturnier U16: Lasker 2020"]
[Site ""]
[Date "2020.12.28"]
[Round "6"]
[White "Schirneck, Ethan"]
[Black "Schulz, Victor"]
[Result "0-1"]
[Termination "normal"]
[Board "12.2"]
[WhiteElo "1435"]
[BlackElo "1510"]
[WhiteTeam "Rhedaer Schachverein von 1931"]
[BlackTeam "OSG Baden-Baden 2"]
[PlyCount "52"]
[WhiteFideId "34625593"]
[BlackFideId "36051268"]
[EventRounds "7"]
[EventType "team-swiss"]
[EventDate "2020.12.28"]

1. e4 {[%emt 0:00:03]} d5 {[%emt 0:00:04]} 2. exd5 {[%emt 0:00:04]} Nf6 { [%emt
0:00:04]} 3. Nc3 {[%emt 0:00:02]} Nxd5 {[%emt 0:00:02]} 4. Nxd5 {[%emt
0:00:03]} Qxd5 {[%emt 0:00:03]} 5. b3 {[%emt 0:00:03]} Qe5+ {[%emt 0:00:05]} 6.
Be2 {[%emt 0:00:05]} Qxa1 {[%emt 0:00:03]} 7. Bc4 {[%emt 0:00:16]} Qe5+ { [%emt
0:00:07]} 8. Kf1 {[%emt 0:00:06]} Be6 {[%emt 0:00:15]} 9. Bxe6 {[%emt 0:00:06]}
Qxe6 {[%emt 0:00:02]} 10. Qf3 {[%emt 0:00:02]} Nc6 {[%emt 0:00:05]} 11. d3
{[%emt 0:00:05]} O-O-O {[%emt 0:00:03]} 12. Ne2 {[%emt 0:00:03]} Ne5 { [%emt
0:00:06]} 13. Qe3 {[%emt 0:00:06]} Nc6 {[%emt 0:00:16]} 14. Qg3 {[%emt
0:00:05]} g6 {[%emt 0:00:07]} 15. Nf4 {[%emt 0:00:06]} Qe5 {[%emt 0:00:14]} 16.
Qf3 {[%emt 0:00:21]} Bg7 {[%emt 0:00:07]} 17. g3 {[%emt 0:00:26]} Nd4 {[%emt
0:00:11]} 18. Qg4+ {[%emt 0:00:09]} f5 {[%emt 0:00:18]} 19. Qg5 {[%emt
0:00:12]} Nxc2 {[%emt 0:00:41]} 20. Bd2 {[%emt 0:00:18]} Nd4 {[%emt 0:00:19]}
21. Kg2 { [%emt 0:00:09]} Qd6 {[%emt 0:00:12]} 22. Rc1 {[%emt 0:00:05]} e5
{[%emt 0:00:08]} 23. Ba5 {[%emt 0:00:04]} b6 {[%emt 0:00:11]} 24. Bxb6 {[%emt
0:00:08]} axb6 {[%emt 0:00:03]} 25. Nh3 {[%emt 0:00:03]} Qd5+ {[%emt 0:00:08]}
26. Kg1 { [%emt 0:00:07]} Ne2+ {[%emt 0:00:14]} 0-1

[Event "DSJ Weihnachtsturnier U16: Lasker 2020"]
[Site ""]
[Date "2020.12.28"]
[Round "6"]
[White "Neves, Carlos"]
[Black "Rommel, Kevin"]
[Result "1-0"]
[Termination "normal"]
[Board "12.3"]
[WhiteElo "1457"]
[BlackElo "1291"]
[WhiteTeam "OSG Baden-Baden 2"]
[BlackTeam "Rhedaer Schachverein von 1931"]
[PlyCount "61"]
[WhiteFideId "16258320"]
[BlackFideId "34640185"]
[EventRounds "7"]
[EventType "team-swiss"]
[EventDate "2020.12.28"]

1. d4 {[%emt 0:00:03]} d5 {[%emt 0:00:03]} 2. c4 {[%emt 0:00:01]} e6 {[%emt
0:00:02]} 3. Nf3 {[%emt 0:00:01]} Nf6 {[%emt 0:00:04]} 4. g3 {[%emt 0:00:01]}
Nc6 {[%emt 0:00:10]} 5. Bg2 {[%emt 0:00:01]} Bb4+ {[%emt 0:00:11] RhedaerSV003
reconnected.} 6. Bd2 {[%emt 0:00:02]} dxc4 {[%emt 0:00:07]} 7. Bxb4 {[%emt
0:00:04]} Nxb4 {[%emt 0:00:02]} 8. Qa4+ {[%emt 0:00:01]} Nc6 {[%emt 0:00:07]}
9. Ne5 {[%emt 0:00:01]} Bd7 {[%emt 0:00:06]} 10. Nxc6 {[%emt 0:00:04]} bxc6 {
[%emt 0:00:03]} 11. Bxc6 {[%emt 0:00:04]} Bxc6 {[%emt 0:00:02]} 12. Qxc6+ {
[%emt 0:00:02]} Ke7 {[%emt 0:00:07]} 13. Qxc4 {[%emt 0:00:09]} Rb8 {[%emt
0:00:06]} 14. Qc3 {[%emt 0:00:18]} Nd5 {[%emt 0:00:35]} 15. Qd2 {[%emt
0:00:08]} Qd6 {[%emt 0:00:08]} 16. Nc3 {[%emt 0:00:09]} Nxc3 {[%emt 0:00:05]}
17. Qxc3 { [%emt 0:00:07]} Rhd8 {[%emt 0:00:04]} 18. Rd1 {[%emt 0:00:03]} c5
{[%emt 0:00:20]} 19. e3 {[%emt 0:00:16]} cxd4 {[%emt 0:00:03]} 20. Rxd4 {[%emt
0:00:00]} Qc7 {[%emt 0:00:07]} 21. Qxc7+ {[%emt 0:00:04]} Ke8 {[%emt 0:00:06]}
22. Rxd8+ {[%emt 0:00:01]} Rxd8 {[%emt 0:00:10]} 23. Ke2 {[%emt 0:00:01]} Rd7
{[%emt 0:00:02]} 24. Qc6 {[%emt 0:00:12]} h6 {[%emt 0:00:06]} 25. Rd1 {[%emt
0:00:02]} Kf8 {[%emt 0:00:06]} 26. Rxd7 {[%emt 0:00:02]} g5 {[%emt 0:00:03]}
27. Qe4 { [%emt 0:00:04]} Ke8 {[%emt 0:00:09]} 28. Rxa7 {[%emt 0:00:01]} Kf8
{[%emt 0:00:03]} 29. Qh7 {[%emt 0:00:02]} Ke8 {[%emt 0:00:06]} 30. Rxf7 {[%emt
0:00:00]} e5 {[%emt 0:00:21]} 31. Qg8# {[%emt 0:00:04]} 1-0